000 006680000a22002170004500
003 LK-CoMWRAF
005 20231127144604.0
008 230817t2001 ||||| |||| 00| 0 eng d
020 _a8185569533
040 _aLK-CoMWRAF
_dLK-CoMWRAF
_eLK-CoMWRAF
041 _aeng
082 _a338.9
_bKHO
100 _a Khor, Martin
245 _aGlobalization and the South:
_b some critical Issues
260 _bGoa:
_aOther India press,
_c2001
300 _aiii; 109 p.
_bBibliography included
650 _aGLOBALIZATION
650 _aEconomic globalization-South Asian countries
856 _uhttps://unctad.org/system/files/official-document/dp_147.en.pdf
942 _cBK
999 _c652
_d652